00266nam a2200097Ia 4500082002500000245004800025250000900073260004500082300001300127710002800140 aRR 351.025 095 4 CEN 0aDirectory Central Government Officials 2004 a42nd aNew DelhibCentral of publicationsc2004 avi, 164p aCentral of publications